00635nam a2200157Ia 4500008004100000020001800041050002000059100002200079245004700101260002500148300004600173500007000219650006700289952010400356999001700460120626s9999 xx 000 0 und d a970-15-0878-5 aTK5101 M37 2004 aMARTÍNEZ, Jorge aRedes de comunicaciones / Jorge Martínez aMéxico : Alfaomega a289 p. : il., gráficas, tablas ; 23 cm. aCada capítulo incluye: bibliografía recomendada y referencias aTELECOMUNICACIONES \ RED DIGITAL - ARQUITECTURA \ REDES ATMÌ 00102ddc4070a22b22d2010-12-01l0oTK5101 M37 2004p17 001122r2023-08-01t1w2012-06-26yLBf c73690d73690